000 00540nam a2200181Ia 4500
005 20250508160312.0
008 008 250505s9999 xx 000 0 eng d
037 _aTextual
040 _aFEDL
_beng
_cFEDL
041 _aeng
_2eng
084 _a400, LAN
_qFEDL
100 _aLangacker Ronald W
_966975
245 0 _aLanguage and its structure: Some fundamental linguistic concepts
260 _aNew York, USA
_bHarcourt, Brace and World
_c1968
300 _aix,260p
942 _cTEXL
_h400, LAN
999 _c1363498
_d1363498